| 000 | 00664nam a22001937a 4500 | ||
|---|---|---|---|
| 999 |
_c10655 _d10655 |
||
| 003 | AR-CdUCM | ||
| 008 | 190401b ||||| |||| 00| 0 spa d | ||
| 040 |
_aMUNICIPALIDAD PROVINCIAL DEL CUSCO _cBIBLIOTECA MUNICIPAL DEL CUSCO |
||
| 082 |
_aES / 800 / _bV24 |
||
| 100 |
_aVallejo, Cesar _913046 |
||
| 245 |
_aEl tungsteno : _bPaco Yunque, mas allá de la vida y la muerte / |
||
| 260 |
_aLima : _bFondo editorial navarrete, |
||
| 300 |
_a159 paginas ; _c15 cm. |
||
| 505 | _aContenido :El tungsteno -- Paco Yunque -- Mas allá de la vida y la muerte.. | ||
| 650 |
_aLiteratura peruana _9169 |
||
| 650 |
_aHistorias _92725 |
||
| 942 |
_2ddc _cLIBROS |
||
| 945 | _arum | ||